| Tag |
First Indicator |
Second Indicator |
Subfields |
| LEADER |
00000cam a2200000 a 4500 |
| 001 |
in00000899752 |
| 005 |
20150923162358.0 |
| 007 |
hd afb017baca |
| 007 |
hd bfb017baaa |
| 008 |
850712s1684 miu a 00010 eng d |
| 035 |
|
|
|a (OCoLC)12258068
|
| 035 |
|
|
|9 AEM2189AM
|
| 037 |
|
|
|a CL0037000053
|b University Microfilms International
|
| 037 |
|
|
|b University Microfilms International, 300 N. Zeeb Rd., Ann Arbor, MI 48106
|
| 040 |
|
|
|a EAI
|c EAI
|d m/c
|d UtOrBLW
|
| 049 |
|
|
|a TXAI
|
| 090 |
|
|
|a BX7733
|b .S25
|
| 099 |
|
|
|a film
|a B
|a 3609
|
| 100 |
1 |
|
|a Samble, Richard,
|d 1644-1680.
|
| 245 |
1 |
2 |
|a A handful after the harvest-man, or, A loving salutation to Sions mourners :
|b being a collection of several epistles and testimonies of that faithful labourer in the Lord's vineyard /
|c Richard Samble ; together with several testimonies of Friends that were witnesses of his labour in the gospel in his latter days.
|
| 264 |
|
3 |
|a London :
|b Printed and sold by Andrew Sowle ...,
|c 1684.
|
| 300 |
|
|
|a 20 unnumbered pages, 73 pages
|
| 336 |
|
|
|a text
|b txt
|2 rdacontent
|
| 337 |
|
|
|a microform
|b h
|2 rdamedia
|
| 338 |
|
|
|a microfilm reel
|b hd
|2 rdacarrier
|
| 500 |
|
|
|a Reproduction of original in the Harvard University Library.
|
| 510 |
4 |
|
|a Wing
|c S528.
|
| 533 |
|
|
|a Microfilm.
|b Ann Arbor, Mich. :
|c University Microfilms International,
|d 1984.
|e 1 microfilm reel ; 35 mm.
|f (Early English books, 1641-1700 ; 1514:2)
|
| 500 |
|
|
|a Microform.
|
| 650 |
2 |
0 |
|a Society of Friends
|x Pastoral letters and charges.
|
| 740 |
2 |
|
|a A loving salutation to Sions mourners.
|
| 830 |
|
0 |
|a Early English books, 1641-1700 ;
|v 1514:2.
|
| 999 |
|
|
|a MARS
|
| 999 |
f |
f |
|s 2355d145-a8df-3bb4-8687-192c4392afa8
|i cf99f812-65ad-3df7-aafa-cf32668410b9
|t 0
|
| 952 |
f |
f |
|p default
|a Texas A&M University
|b College Station
|c Sterling C. Evans Library
|d Evans: Microforms (3rd floor)
|t 0
|e film B 3609 1514:2
|h Other scheme
|i microform -- microfilm reel
|
| 998 |
f |
f |
|a film B 3609 1514:2
|t 0
|l Evans: Microforms (3rd floor)
|